| 000 | 00581nam a22002177a 4500 | ||
|---|---|---|---|
| 003 | OSt | ||
| 005 | 20140310184421.0 | ||
| 008 | 131008t xxu||||| |||| 00| 0 eng d | ||
| 020 | _a9780439691406 | ||
| 050 |
_aPZ 7 _b.St857Wyws 2005 |
||
| 100 | _aStilton, Geronimo | ||
| 245 |
_aWatch your whisklers, Stilton! / _bGeronimo Stilton. |
||
| 260 |
_aNew York : _bScholastic Inc., _c2005 |
||
| 300 |
_a111 p. : _bill. col. ; _c20 cm. |
||
| 521 | _aG2 | ||
| 526 | _c540 | ||
| 650 |
_aFiction _xJuvenile _926638 |
||
| 942 |
_2lcc _cBK-SCHOLAS |
||
| 999 |
_c34240 _d34240 |
||